000 nam a22 7a 4500
999 _c7965
_d7965
008 171118b xxu||||| |||| 00| 0 eng d
100 _94422
_aNCERT
245 _aPHYSICS LABORATORY-XII
260 _aNEW DELHI
_bNCERT
_c2016